| 000 | 00533nam a2200205Ia 4500 | ||
|---|---|---|---|
| 005 | 20250508150738.0 | ||
| 008 | 008 250505s9999 xx 000 0 eng d | ||
| 037 | _aTextual | ||
| 040 |
_aFEDL _beng _cFEDL |
||
| 041 |
_aeng _2eng |
||
| 084 |
_a152, WOL _qFEDL |
||
| 100 |
_aWolters A W P _9629559 |
||
| 245 | 0 | _aEvidence of our senses | |
| 260 |
_aLondon, UK _bMethuen and Co. Ltd _c1933 |
||
| 300 | _a88p. | ||
| 365 |
_aINR _b3 |
||
| 650 | _aPerception | ||
| 942 |
_cTEXL _h152, WOL |
||
| 999 |
_c1325415 _d1325415 |
||